Burundi Country Quiz - Statistics

General Stats
  • This quiz has been taken 18,223 times
    18,082 since last reset
  • The average score is 14 of 18
Answer Stats
Question Answer % Correct
Countries which border Burundi Rwanda
95%
Countries which border Burundi D. R. Congo
94%
Countries which border Burundi Tanzania
92%
Official languages French
91%
Official languages English
90%
Other country which colonized Burundi Germany
89%
Official languages Kirundi
89%
Country from which Burundi gained its independence in 1962 Belgium
87%
Of 157 countries, Burundi's rank in the 2016 World Happiness report (1=happiest) 157
83%
Language that, while not official, is spoken as a lingua franca in the region Swahili
79%
A person from Italy is an Italian. What is a person from Burundi? Burundian
75%
Valley in which Burundi is located Great {Rift} Valley
65%
Name one of Burundi's three native ethnic groups Hutu | Tutsi | Twa
64%
Burundi's two biggest exports Gold
63%
Capital of Burundi Gitega
62%
Burundi is on this lake, the world's second oldest and third largest by volume Lake Tanganyika
62%
Former capital until 2019 Bujumbura
54%
Burundi's two biggest exports Coffee
42%
No matching quizzes found
Score Distribution
Percent of People with Each Score
Percentile by Number Answered
Your Score History
You have not taken this quiz since the last reset